Responses for show #4695 - Friday, January 21, 2005

Contestants

Matt Weedman, a graduate student originally from Johnson City, Tennessee

Ted Stratton, a reporter from Cleveland Heights, Ohio

Jen Noon, an editor from Woburn, Massachusetts (whose 1-day cash winnings total $19,103)

Jeopardy! Round responses

KILL BILL: VOL. 1
TV SHOWS BY CHARACTER
WOULDN'T IT BE RUBBERY
HALLS OF FAME
LET'S GET SYRIA-S
THAT'S "OK"
    $200 15
Billy the Kid

Matt
    $200 1
I Love Lucy

Matt
    $200 22
Ernie

Matt
    $200 10
teachers

Jen
    $200 5
grapes

Ted
    $200 2
Tokyo

Jen
    $400 16
Will Rogers

Matt
    $400 3
All My Children

Ted
    $400 27
(Charles) Goodyear

Jen
    $400 11
fiddlers

Jen
    $400 6
Damascus

Matt
    $400 23
Look Homeward, Angel

Jen
    $600 17
William McKinley

Matt
    $600 4
Family Affair

Triple Stumper
    $600 28
(Matt: Who is Macanaugh?)

Charles Macintosh

JenMatt
    $600 12
clowns

Ted
    $600 7
the Golan Heights

Ted
    $600 24
a bazooka

Matt
    $800 18
Bill Sikes

Jen
    $800 19
Three's Company

Jen
    $800 29
Akron

Ted
    $800 13
football

Ted
    $800 8
Bashar (Assad)

Matt
    $800 25
snooker

Ted
    $1,500 21
(Jen: Who is Darrow?)
(Alex: No, you picked the wrong one. Darrow lost that case. It was [*] who won the case. Clarence Darrow did not win that case--the Scopes trial.)

William Jennings Bryan

Jen
    $1000 20
Cagney & Lacey

Jen
    $1000 30
Wellingtons

Jen
    $1000 14
nursing

Matt
    $1000 9
Egypt

Ted
    $1000 26
Hoboken

Jen

Scores at the first commercial break (after clue 16):

Jen Ted Matt
$800 $3,600 $3,000

Scores at the end of the Jeopardy! Round:

Jen Ted Matt
$5,300 $5,200 $3,800

Double Jeopardy! Round responses

KILL BILL: VOL. 2
HISTORIC SIGNATURE SONGS
OUR LADY
YOUR NUMBER'S UP
THE COMETS
2-PART WORDS
(Alex: Each response will be a word that can be split into two other words.)
    $400 1
the WWI vets

Matt
    $400 30
two

Jen
    $400 11
(Jan: What is the Camelias?)

Paris

Jen
Triple Stumper
    $400 16
61

Matt
    $400 19
Halley's Comet

Matt
    $400 6
the woodwork

Matt
    $800 2
China

Matt
    $800 23
satisfaction

Matt
    $800 12
Poland

Ted
    $800 17
(Alex: How're you going to figure that out on a show such as ours?)

2003

Triple Stumper
    $800 20
(Alex: And we had some spectualar photos of it crashing into [*].)

Jupiter

Triple Stumper
    $800 7
the overflow

Triple Stumper
    $1,500 3
farmers

Matt
    $1200 24
married dear old Dad

Matt
    $1200 13
sorrows

Ted
    $1200 18
the 80s

Triple Stumper
    $1200 21
the Perseids

Matt
    $2,000 8
a panhandler

Matt
    $1600 4
Grover Cleveland

Triple Stumper
    $1600 25
(Ted: Who is "Nowhere Man"?)

"The Fool On The Hill"

Ted
Triple Stumper
    $1600 14
the flowers

Ted
    $1600 27
50-caliber

Matt
    $1600 22
(Matt: Who is Kepler?)

(Tycho) Brahe

JenMatt
    $1600 9
a crossfire

Ted
    $2000 5
the federal minimum wage

Triple Stumper
    $2000 26
honey bun

Triple Stumper
    $2000 15
Trappists

Matt
    $2000 28
four (Alabama, Alaska, Arizona, & Ohio)

Triple Stumper
    $2000 29
(Andre) Kuiper

Ted
    $2000 10
shopworn

Triple Stumper

Scores at the end of the Double Jeopardy! Round:

Jen Ted Matt
$6,900 $10,800 $14,900

[wagering suggestions for these scores]

Final Jeopardy! Round responses

FICTIONAL CHILDREN
(Alex: The book was The Little White Bird and this character got his own book later on.)
JenWho is Peter Pan?
$4,003
TedWho is Peter Pan?
$2,599
MattWho is The Little Prince
$7,000
Peter Pan

Final scores:

Jen Ted Matt
$10,903 $13,399 $7,900
2nd place: $2,000 New champion: $13,399 3rd place: $1,000

Game dynamics:

Coryat scores:

Jen Ted Matt
$8,400 $10,800 $13,800
13 R,
2 W
(including 1 DD)
13 R,
1 W
21 R
(including 2 DDs),
2 W

Combined Coryat: $33,000

The J! Archive is created by fans, for fans. The Jeopardy! game show and all elements thereof, including but not limited to copyright and trademark thereto, are the property of Jeopardy Productions, Inc. and are protected under law. This website is not affiliated with, sponsored by, or operated by Jeopardy Productions, Inc. Join the discussion at JBoard.tv.